|
|
|
|
| LEADER |
00000nas a2200000 a 4500 |
| 001 |
ssj0011625 |
| 003 |
WaSeSS |
| 005 |
20200512172242.0 |
| 006 |
m d |
| 007 |
cr n |
| 008 |
951213c19919999mdufr p s 0 a0eng c |
| 010 |
|
|
|a sn 95006642
|
| 016 |
7 |
|
|a 1501852 0
|2 DE-600
|
| 022 |
|
|
|a 1086-3346
|l 1054-8378
|y 1054-8378
|
| 035 |
|
|
|a (WaSeSS)ssj0011625
|
| 037 |
|
|
|b Johns Hopkins University Press, Journals Pub. Div., P.O. Box 19966, Baltimore, MD 21211
|c $27.90 (institutions)
|
| 040 |
|
|
|a NSD
|b eng
|c NSD
|d OCL
|d NSD
|d GUA
|d IUL
|d OCL
|d TJC
|d IUL
|d OCL
|d GUA
|d NSD
|d OCLCQ
|d MUQ
|d UQ1
|d OCLCQ
|d BUF
|d BNG
|d OCLCQ
|d OCLCO
|d OCLCF
|d OCLCO
|d OCLCQ
|d OCLCA
|d EZC
|d GILDS
|d VT2
|d OCLCO
|d AUD
|d WaSeSS
|
| 042 |
|
|
|a nsdp
|a pcc
|
| 050 |
1 |
4 |
|a PN2000
|
| 082 |
1 |
0 |
|a 792
|2 13
|
| 130 |
0 |
|
|a Theatre topics (Online)
|
| 210 |
0 |
|
|a Theatre top.
|b (Online)
|
| 222 |
|
0 |
|a Theatre topics
|b (Online)
|
| 245 |
1 |
0 |
|a Theatre topics
|h [electronic resource].
|
| 260 |
|
|
|a Baltimore, MD :
|b Johns Hopkins University Press
|
| 310 |
|
|
|a Semiannual
|
| 362 |
1 |
|
|a Began with vol. 1, no. 1 (Mar. 1991).
|
| 506 |
|
|
|a License restrictions may limit access.
|
| 538 |
|
|
|a Mode of access: World Wide Web. Browser software required for World Wide Web access.
|
| 588 |
|
|
|a Description based on: Vol. 1, no. 1 (Mar. 1991); title from article PDF (Project MUSE, viewed June 30, 2010).
|
| 588 |
|
|
|a Latest issue consulted: Vol. 20, no. 1 (Mar. 2010) (viewed June 30, 2010).
|
| 650 |
|
0 |
|a Theater
|v Periodicals.
|
| 650 |
|
0 |
|a Drama
|v Periodicals.
|
| 650 |
|
6 |
|a Théâtre
|v Périodiques.
|
| 650 |
|
6 |
|a Théâtre (Genre littéraire)
|v Périodiques.
|
| 650 |
|
7 |
|a Drama.
|2 fast
|0 (OCoLC)fst00897468
|
| 650 |
|
7 |
|a Theater.
|2 fast
|0 (OCoLC)fst01149217
|
| 650 |
|
7 |
|a Théâtre (Spectacle)
|2 rasuqam
|
| 650 |
|
7 |
|a Jeu de scène.
|2 rasuqam
|
| 650 |
|
7 |
|a Enseignement.
|2 rasuqam
|
| 650 |
|
7 |
|a Dramaturgie.
|2 rasuqam
|
| 650 |
|
7 |
|a Comédien.
|2 rasuqam
|
| 655 |
|
0 |
|a Electronic journals.
|
| 776 |
1 |
|
|t Theatre topics
|x 1054-8378
|w (DLC) 91642721
|w (OCoLC)22994185
|
| 856 |
4 |
0 |
|z Full text available from Research Library: 03/01/2003 to 1 year ago
|u https://search.proquest.com/publication/33249
|